| 000 | 00982nam a22002777a 4500 | ||
|---|---|---|---|
| 999 |
_c26083 _d26083 |
||
| 005 | 20190307141325.0 | ||
| 008 | 080814t xxu||||| |||| 00| 1 eng d | ||
| 010 | _aB-285005 | ||
| 020 |
_a0140247270 _c295.00 |
||
| 020 |
_a9780140247275 _c295.00 |
||
| 035 | _aB-285005,b-214628 | ||
| 035 | _aB-428160, B-214610 ,B-214613 | ||
| 035 | _aAllied/DE2010/CR/2777/16.3.11/280/4.3.11/30.3.11, B-214626 | ||
| 035 | _aB-214631 | ||
| 037 | _bUBH (Vender) | ||
| 040 |
_aDPL _bENG |
||
| 082 | _aN | ||
| 100 |
_aNagarkar, Kiran _931448 |
||
| 245 |
_aRavan and Eddie / _cby Kiran Nagarkar |
||
| 260 |
_aNew Delhi _bPenguin Books _c1996 |
||
| 270 |
_a11, Community Centre, Panchsheel Park, _bNew Delhi _e110017 |
||
| 300 |
_a328p. _c20cm. (pbk) |
||
| 942 |
_2ddc _cEN _hN _mNAG |
||